000 01175nam0a22002771 4500
001 rc\77831
005 20250612172536.0
035 _a(NLR Aleph) 008751799
090 _a7811931
_c7811931
100 _a20021216d1991 |||y0rusy50 ca
101 0 _arus
102 _aRU
105 _ay |||||||||
200 1 _aХудожественная целостность и жанрообразовательные процессы
210 _aНовосибирск
_cНГУ
_d1991
300 _aА92/10360 Источник: Ю.В. Шатин. Жанрообразовательные процессы и художественная целостность текста в русской литературе XIX века: АКД, М., 1992, с. 27, № 2
606 1 _aЦелостность литературного произведения
_2nlr_sh1
606 1 _aЛитературные виды и жанры
_2nlr_sh1
700 1 _aШатин
_bЮ.В.
_gЮрий Васильевич
801 0 _aRU
_bNLR
_gpsbo
801 1 _aRU
_bELAR
_2rusmarc
801 2 _aRU
_bNLR
_c20050421
_2rusmarc
852 _aNLR
_jМф К1/25084
942 _cBOOK
980 _aNB